Statistics for Regional Organizations on the World Map

Click here to take the quiz!

General Stats

  • This quiz has been taken 188 times
  • The average score is 3 of 14

Answers on the Map

Answers color-coded by a green-red scale on the quiz's map according to % correct below.
 

Answer Stats

Answer% Correct
European Union (EU)
99%
Association of Southeast Asian Nations (ASEAN)
52%
Arab League (LAS)
46%
Commonwealth of Independent States (CIS)
27%
Southern Common Market (Mercosur)
23%
Andean Community (CAN)
13%
Economic Community of West African States (ECOWAS)
13%
South Asian Association for Regional Cooperation (SAARC)
13%
Caribbean Community (CARICOM)
12%
United States–Mexico–Canada Agreement (USMCA)
11%
East African Community (EAC)
10%
Pacific Islands Forum (PIF)
10%
Economic and Monetary Community of Central Africa (CEMAC)
7%
Southern African Customs Union (SACU)
7%

Score Distribution

Percentile by Number Answered

Percent of People with Each Score

Your Score History

You have not taken this quiz